[Event "Krakow op-A 25th"]
[Site "Krakow"]
[Date "2014.12.27"]
[Round "1"]
[White "Gkoumas, Georgios"]
[Black "Szuper, Paul"]
[Result "1-0"]
[WhiteElo "2378"]
[BlackElo "2173"]
[PlyCount "137"]
[EventDate "2014.12.27"]
[EventType "swiss"]
[EventRounds "9"]
[EventCountry "POL"]
[SourceTitle "CBM 164 Extra"]
[Source "ChessBase"]
[SourceDate "2015.03.02"]
[SourceVersion "1"]
[SourceVersionDate "2015.03.02"]
[SourceQuality "1"]

1. e4 e5 2. Nf3 Nc6 3. Bb5 Nf6 4. d3 Ne7 5. Bc4 c6 6. 0-0 Ng6 7. Re1 Be7 8. d4 d6 9. dxe5 dxe5 10. Qxd8+ Bxd8 11. a4 0-0 12. a5 h6 13. Nbd2 Re8 14. Nb3 Be7 15. h3 Bd7 16. Bd3 c5 17. Nbd2 Bd6 18. Nb1 Bc6 19. Nc3 Rad8 20. Bb5 Bxb5 21. Nxb5 a6 22. Na3 Bc7 23. Nc4 Nf4 24. Nfd2 Ne6 25. f3 Nd4 26. Ne3 Nh5 27. c3 Nc6 28. Nd5 Bd6 29. Nc4 Ne7 30. Nxe7+ Bxe7 31. Be3 Bg5 32. Bxg5 hxg5 33. Rad1 Nf4 34. Nd6 Re7 35. Rd2 Red7 36. Red1 Kf8 37. Kf1 f6 38. Kf2 Rb8 39. Nc4 Rxd2+ 40. Rxd2 Ke7 41. Ne3 g6 42. g3 Nxh3+ 43. Kg2 g4 44. Nxg4 Ng5 45. Ne3 Rd8 46. Nd5+ Kf7 47. Kf2 Rh8 48. Ke3 Rh3 49. Rg2 Ke6 50. Nb6 Rh1 51. Nc4 Re1+ 52. Kf2 Ra1 53. Na3 f5 54. exf5+ gxf5 55. Rh2 e4 56. Rh6+ Kf7 57. f4 Nf3 58. Nc4 Kg7 59. Rb6 Ne1 60. Rxb7+ Kg6 61. Ne3 Nd3+ 62. Ke2 Re1+ 63. Kd2 Rg1 64. Rb6+ Kh5 65. Rxa6 Nxb2 66. Ra8 Ra1 67. a6 Kg6 68. a7 Kh7 69. Rb8 1-0

[Event "Krakow Malopolski-chA"]
[Site "Krakow"]
[Date "2014.04.30"]
[Round "4"]
[White "Paszewski, Mateusz"]
[Black "Szuper, Paul"]
[Result "0-1"]
[WhiteElo "2088"]
[BlackElo "2178"]
[PlyCount "60"]
[EventDate "2014.04.27"]
[EventType "swiss"]
[EventRounds "9"]
[EventCountry "POL"]
[SourceTitle "CBM 160 Extra"]
[Source "ChessBase"]
[SourceDate "2014.07.01"]
[SourceVersion "1"]
[SourceVersionDate "2014.07.01"]
[SourceQuality "1"]

1. d4 e6 2. e4 b6 3. Nf3 Bb7 4. Bd3 d6 5. 0-0 Nd7 6. Qe2 Ne7 7. Nc3 Ng6 8. a4 a6 9. g3 Be7 10. h4 Bf6 11. Re1 c5 12. d5 0-0 13. dxe6 fxe6 14. Ng5 Bxg5 15. Bxg5 Qe8 16. Be3 d5 17. exd5 exd5 18. Bd2 Qxe2 19. Rxe2 Nge5 20. f4 Nf3+ 21. Kf2 c4 22. Kxf3 cxd3 23. Re7 Nc5 24. b4 d4+ 25. Rxb7 Nxb7 26. Nd5 dxc2 27. Ke4 Nd6+ 28. Kxd4 Nf5+ 29. Ke4 Rae8+ 30. Kf3 Nd4+ 0-1

[Event "Krakow Malopolski-chA"]
[Site "Krakow"]
[Date "2014.04.29"]
[Round "3"]
[White "Szuper, Paul"]
[Black "Klementys, Jerzy"]
[Result "1-0"]
[WhiteElo "2178"]
[BlackElo "1727"]
[PlyCount "73"]
[EventDate "2014.04.27"]
[EventType "swiss"]
[EventRounds "9"]
[EventCountry "POL"]
[SourceTitle "CBM 160 Extra"]
[Source "ChessBase"]
[SourceDate "2014.07.01"]
[SourceVersion "1"]
[SourceVersionDate "2014.07.01"]
[SourceQuality "1"]

1. d4 Nf6 2. c4 g6 3. Nc3 Bg7 4. g3 0-0 5. Bg2 d6 6. e3 e5 7. Nge2 c6 8. 0-0 Be6 9. b3 Qc8 10. Ba3 Rd8 11. Re1 Bh3 12. dxe5 Ne8 13. exd6 Bxg2 14. Kxg2 c5 15. Qc2 Na6 16. Rad1 Rxd6 17. Nd5 Qd7 18. Nec3 Qe6 19. Ne4 Rc6 20. Ng5 Qd6 21. Qe4 Qe5 22. Qxe5 Bxe5 23. Ne7+ Kg7 24. Nxc6 bxc6 25. Rd7 Nb4 26. Bxb4 cxb4 27. Red1 Nf6 28. Rxf7+ Kg8 29. Re7 Bc3 30. e4 h6 31. Nf3 Kf8 32. Rc7 Nxe4 33. Rxc6 Nf6 34. Rdd6 Ke7 35. Re6+ Kd7 36. Rxf6 Bxf6 37. Rxf6 1-0

[Event "Krakow Malopolski-chA"]
[Site "Krakow"]
[Date "2014.04.28"]
[Round "2"]
[White "Gumularz, Szymon"]
[Black "Szuper, Paul"]
[Result "1/2-1/2"]
[WhiteElo "2024"]
[BlackElo "2178"]
[PlyCount "81"]
[EventDate "2014.04.27"]
[EventType "swiss"]
[EventRounds "9"]
[EventCountry "POL"]
[SourceTitle "CBM 160 Extra"]
[Source "ChessBase"]
[SourceDate "2014.07.01"]
[SourceVersion "1"]
[SourceVersionDate "2014.07.01"]
[SourceQuality "1"]

1. e4 e5 2. Nf3 Nc6 3. Bb5 Nf6 4. 0-0 Nxe4 5. d4 Nd6 6. dxe5 Nxb5 7. a4 Nbd4 8. Nxd4 Nxd4 9. Qxd4 d5 10. exd6 Qxd6 11. Qe4+ Qe6 12. Qf3 Bd6 13. Nc3 a6 14. Bf4 0-0 15. Rad1 Bxf4 16. Qxf4 c6 17. Rfe1 Qf5 18. Qb4 c5 19. Qb6 Qg6 20. Qxg6 hxg6 21. Nd5 Be6 22. Nc7 Rad8 23. Nxe6 fxe6 24. f3 Kf7 25. Kf2 Ke7 26. b3 g5 27. h3 a5 28. Kf1 Kf6 29. Kf2 Ke7 30. Ke3 Rd5 31. c4 Rdd8 32. Rf1 e5 33. Rfe1 Rd4 34. Rxd4 exd4+ 35. Kd3+ Kd6 36. Re4 Rf5 37. Re2 Re5 38. Rxe5 Kxe5 39. g3 Kf5 40. Kd2 Ke5 41. Kd3 1/2-1/2

[Event "Krakow op-A 24th"]
[Site "Krakow"]
[Date "2013.12.29"]
[Round "3"]
[White "Nasuta, Grzegorz"]
[Black "Szuper, Paul"]
[Result "1-0"]
[WhiteElo "2331"]
[BlackElo "2193"]
[PlyCount "154"]
[EventDate "2013.12.27"]
[EventType "swiss"]
[EventRounds "9"]
[EventCountry "POL"]
[SourceTitle "CBM 158 Extra"]
[Source "ChessBase"]
[SourceDate "2014.02.28"]
[SourceVersion "1"]
[SourceVersionDate "2014.02.28"]
[SourceQuality "1"]

1. e4 e5 2. Nf3 Nc6 3. Bb5 a6 4. Ba4 Nf6 5. 0-0 Be7 6. Re1 b5 7. Bb3 d6 8. c3 0-0 9. h3 Re8 10. d4 h6 11. Nbd2 Bf8 12. a3 Bb7 13. Bc2 Nb8 14. b4 Nbd7 15. Bb2 g6 16. Qb1 Bg7 17. dxe5 dxe5 18. c4 Nh5 19. Bd3 c6 20. Nb3 Qf6 21. Na5 Bc8 22. Bf1 Nf4 23. Re3 Nf8 24. Qc2 Bd7 25. c5 Ra7 26. Rd1 Rc7 27. Rd6 Qe7 28. g3 N4e6 29. Bxe5 Bxe5 30. Nxe5 Nxc5 31. Nxd7 Ncxd7 32. Rxc6 Rxc6 33. Qxc6 Qf6 34. Qxf6 Nxf6 35. Bg2 Rd8 36. Kf1 Rd1+ 37. Ke2 Rg1 38. Bf1 Rh1 39. e5 Ne8 40. Nb3 Ne6 41. Rd3 Kf8 42. Rd1 g5 43. Bg2 Rxd1 44. Kxd1 Ke7 45. Kd2 f6 46. exf6+ Kxf6 47. Kd3 Ke5 48. Nd2 Nd6 49. Bc6 Nc7 50. Nf3+ Ke6 51. Kd4 Nc4 52. a4 Kd6 53. axb5 Nb6 54. h4 axb5 55. Be4 Ne6+ 56. Kd3 Nd5 57. Bxd5 Kxd5 58. h5 Ng7 59. Nxg5 Nxh5 60. Nf7 Nf6 61. Nxh6 Ke5 62. Nf7+ Ke6 63. Ng5+ Kf5 64. Nf3 Nd5 65. Nd4+ Kg4 66. Nc6 Kf3 67. Kd4 Nc7 68. Ke5 Kxf2 69. g4 Kf3 70. Kf5 Ne8 71. g5 Ng7+ 72. Kf6 Nh5+ 73. Kf7 Ke4 74. g6 Kd5 75. Nb8 Kd6 76. g7 Nxg7 77. Kxg7 Ke6 1-0

[Event "Krakow Malopolski-chA"]
[Site "Krakow"]
[Date "2013.05.05"]
[Round "9"]
[White "Szuper, Paul"]
[Black "Shilov, Sergej"]
[Result "1/2-1/2"]
[WhiteElo "2188"]
[BlackElo "2217"]
[PlyCount "24"]
[EventDate "2013.04.28"]
[EventType "swiss"]
[EventRounds "9"]
[EventCountry "POL"]
[SourceTitle "EXT 2014"]
[Source "ChessBase"]
[SourceDate "2013.11.20"]
[SourceVersion "1"]
[SourceVersionDate "2013.11.20"]
[SourceQuality "1"]

1. d4 Nf6 2. c4 c5 3. Nf3 cxd4 4. Nxd4 e6 5. Nc3 Nc6 6. a3 Qb6 7. Ndb5 d5 8. Be3 d4 9. Bxd4 Nxd4 10. Qxd4 Bc5 11. Qf4 0-0 12. b4 Be7 1/2-1/2

[Event "Krakow Malopolski-chA"]
[Site "Krakow"]
[Date "2013.04.30"]
[Round "3"]
[White "Szuper, Paul"]
[Black "Ociepka, Tomasz"]
[Result "1-0"]
[WhiteElo "2188"]
[BlackElo "1812"]
[PlyCount "91"]
[EventDate "2013.04.28"]
[EventType "swiss"]
[EventRounds "9"]
[EventCountry "POL"]
[SourceTitle "CBM 154 Extra"]
[Source "ChessBase"]
[SourceDate "2013.06.25"]
[SourceVersion "2"]
[SourceVersionDate "2013.06.25"]
[SourceQuality "1"]

1. d4 Nf6 2. c4 e6 3. Nc3 Bb4 4. e3 0-0 5. Nge2 d5 6. a3 Be7 7. cxd5 exd5 8. g3 Bg4 9. Bg2 c6 10. h3 Bf5 11. g4 Bg6 12. Ng3 Nfd7 13. 0-0 Bh4 14. Nce2 Nb6 15. b3 a5 16. a4 Na6 17. Ba3 Nb4 18. Bxb4 axb4 19. Qd2 Qd6 20. a5 Nd7 21. Ra4 f5 22. Qxb4 Qc7 23. gxf5 Bxf5 24. Nf4 Bxg3 25. fxg3 Nf6 26. g4 Bd7 27. Qc5 Ne4 28. Bxe4 dxe4 29. Qe5 Qxe5 30. dxe5 g5 31. e6 gxf4 32. exd7 fxe3 33. Rxe4 Rad8 34. Rxf8+ Kxf8 35. Re8+ Rxe8 36. dxe8Q+ Kxe8 37. Kf1 Ke7 38. Ke2 Ke6 39. Kxe3 Ke5 40. h4 h6 41. g5 hxg5 42. hxg5 Kf5 43. Kd4 Kxg5 44. Kc5 Kf5 45. Kb6 Ke6 46. Kxb7 1-0

[Event "Krakow op"]
[Site "Krakow"]
[Date "2012.05.03"]
[Round "5"]
[White "Szuper, Paul"]
[Black "Bednarczyk, Damian"]
[Result "1/2-1/2"]
[WhiteElo "2189"]
[BlackElo "2021"]
[PlyCount "106"]
[EventDate "2012.04.29"]
[EventType "swiss"]
[EventRounds "9"]
[EventCountry "POL"]
[SourceTitle "CBM 148 Extra"]
[Source "ChessBase"]
[SourceDate "2012.06.22"]
[SourceVersion "1"]
[SourceVersionDate "2012.06.22"]
[SourceQuality "1"]

1. d4 d5 2. c4 c6 3. Nf3 e6 4. g3 Nf6 5. Bg2 Bd6 6. 0-0 0-0 7. Nc3 Nbd7 8. Qb3 h6 9. Bf4 Qc7 10. e3 dxc4 11. Qxc4 e5 12. dxe5 Nxe5 13. Nxe5 Bxe5 14. Bxe5 Qxe5 15. Rfd1 Qh5 16. Rd4 Be6 17. Qd3 c5 18. Rh4 Qe5 19. f4 Qc7 20. e4 Rad8 21. Qe2 Rfe8 22. e5 Bd5 23. Bxd5 Nxd5 24. Ne4 Qb6 25. Qf2 f6 26. Nd6 Rf8 27. Nc4 Qc6 28. Rh5 b5 29. Na3 f5 30. Rc1 Rc8 31. Rd1 Kh7 32. Nxb5 Qxb5 33. Rxd5 Qc4 34. Qd2 Qxa2 35. e6 Qb1+ 36. Kg2 Qe4+ 37. Kh3 Qxe6 38. Rd6 Qe8 39. g4 Rc6 40. Rxf5 Rxf5 41. Rxc6 Qxc6 42. Qd3 Qf6 43. gxf5 Kh8 44. b3 a6 45. Kg4 h5+ 46. Kg3 a5 47. h3 Qe7 48. Qc3 Qf7 49. Qxc5 Qxb3+ 50. Kh4 a4 51. Qe7 a3 52. f6 gxf6 53. Qxf6+ Kg8 1/2-1/2

[Event "Krakow op"]
[Site "Krakow"]
[Date "2012.05.02"]
[Round "4"]
[White "Szuper, Paul"]
[Black "Mikrut, Dariusz"]
[Result "0-1"]
[WhiteElo "2189"]
[BlackElo "2359"]
[PlyCount "100"]
[EventDate "2012.04.29"]
[EventType "swiss"]
[EventRounds "9"]
[EventCountry "POL"]
[SourceTitle "CBM 148 Extra"]
[Source "ChessBase"]
[SourceDate "2012.06.22"]
[SourceVersion "1"]
[SourceVersionDate "2012.06.22"]
[SourceQuality "1"]

1. d4 Nf6 2. c4 g6 3. Nc3 Bg7 4. e4 d6 5. Be2 0-0 6. Nf3 Na6 7. 0-0 e5 8. dxe5 dxe5 9. Be3 c6 10. Qxd8 Rxd8 11. h3 Nh5 12. Rfd1 Re8 13. a3 Nf4 14. Bf1 Ne6 15. b4 f5 16. exf5 gxf5 17. Ra2 Nac7 18. Nh4 Nf8 19. Bc5 Bf6 20. Bd6 Bxh4 21. Bxc7 Bf6 22. Bd6 Be6 23. Na4 b6 24. Bxf8 Kxf8 25. Rd6 Rac8 26. Rad2 e4 27. Rd1 Ke7 28. g3 Red8 29. Rxd8 Rxd8 30. Rxd8 Kxd8 31. Be2 Kd7 32. Kf1 Bd4 33. Ke1 Kd6 34. c5+ bxc5 35. Nxc5 Bxc5 36. bxc5+ Kxc5 37. Kd2 Kd4 38. h4 Bf7 39. Ba6 Be6 40. Bb7 c5 41. Ba6 c4 42. Bb7 Bd7 43. Kc2 h6 44. Kd2 Be6 45. Bc6 c3+ 46. Kc1 e3 47. fxe3+ Kxe3 48. Kc2 Kf2 49. Kxc3 Kxg3 50. Kd2 Kxh4 0-1

[Event "Krakow op"]
[Site "Krakow"]
[Date "2012.04.30"]
[Round "2"]
[White "Szuper, Paul"]
[Black "Shishkin, Vadim"]
[Result "0-1"]
[WhiteElo "2189"]
[BlackElo "2492"]
[PlyCount "55"]
[EventDate "2012.04.29"]
[EventType "swiss"]
[EventRounds "9"]
[EventCountry "POL"]
[SourceTitle "CBM 148 Extra"]
[Source "ChessBase"]
[SourceDate "2012.06.22"]
[SourceVersion "1"]
[SourceVersionDate "2012.06.22"]
[SourceQuality "1"]

1. d4 Nf6 2. c4 g6 3. Nc3 d5 4. Bf4 Bg7 5. e3 0-0 6. Rc1 Be6 7. Qb3 c5 8. Qxb7 Qb6 9. Qxa8 Na6 10. Qxf8+ Kxf8 11. cxd5 Nxd5 12. Bxa6 Nxf4 13. exf4 cxd4 14. Bd3 dxc3 15. bxc3 Qd6 16. Ke2 Bg4+ 17. f3 Qxf4 18. Rd1 Bh6 19. Kf1 Qa4 20. Re1 Bd2 21. Rb1 Be6 22. Ne2 Be3 23. g4 Bxg4 24. fxg4 Qc6 25. Rg1 Qf3+ 26. Ke1 Bxg1 27. Nxg1 Qxd3 28. Rc1 0-1

[Event "Krakow Malopolski-chA"]
[Site "Krakow"]
[Date "2011.05.07"]
[Round "7"]
[White "Goslawski, Michal"]
[Black "Szuper, Paul"]
[Result "0-1"]
[WhiteElo "2033"]
[BlackElo "2184"]
[PlyCount "54"]
[EventDate "2011.05.01"]
[EventType "swiss"]
[EventRounds "9"]
[EventCountry "POL"]
[SourceTitle "EXT 2013"]
[Source "ChessBase"]
[SourceDate "2012.11.22"]
[SourceVersion "1"]
[SourceVersionDate "2012.11.22"]
[SourceQuality "1"]

1. d4 e6 2. e4 d5 3. Nc3 Bb4 4. e5 c5 5. Bd2 Ne7 6. Nb5 Bxd2+ 7. Qxd2 0-0 8. dxc5 Nbc6 9. f4 b6 10. Nf3 bxc5 11. Be2 Qb6 12. c4 Ba6 13. Nd6 f6 14. 0-0 fxe5 15. Nxe5 Nd4 16. Ndf7 Rxf7 17. Nxf7 Kxf7 18. Rae1 Bxc4 19. Bxc4 dxc4 20. Re5 Kg8 21. Rfe1 Rf8 22. R1e3 Rxf4 23. Rh3 Qd6 24. Qe1 Ng6 25. Reh5 Nc2 26. Qe2 Qd4+ 27. Kh1 Re4 0-1

[Event "Krakow Malopolski-chA"]
[Site "Krakow"]
[Date "2011.05.06"]
[Round "6"]
[White "Szuper, Paul"]
[Black "Gbyl, Andrzej"]
[Result "0-1"]
[WhiteElo "2184"]
[BlackElo "2244"]
[PlyCount "76"]
[EventDate "2011.05.01"]
[EventType "swiss"]
[EventRounds "9"]
[EventCountry "POL"]
[SourceTitle "EXT 2013"]
[Source "ChessBase"]
[SourceDate "2012.11.22"]
[SourceVersion "1"]
[SourceVersionDate "2012.11.22"]
[SourceQuality "1"]

1. d4 d5 2. c4 c6 3. Nf3 Nf6 4. Qc2 e6 5. e3 Bd6 6. Nc3 0-0 7. Bd3 dxc4 8. Bxc4 b5 9. Bd3 Nbd7 10. 0-0 Bb7 11. h3 h6 12. Rd1 Qb8 13. e4 e5 14. a4 Rc8 15. Ne2 c5 16. dxe5 Nxe5 17. Nxe5 Bxe5 18. Bxb5 Bxe4 19. Bd3 Bxd3 20. Rxd3 c4 21. Rf3 Qb4 22. Nc3 Rab8 23. g3 Re8 24. a5 Bd4 25. Kg2 Qc5 26. Bf4 Rb3 27. Rd1 Bxc3 28. Rxc3 Rxc3 29. Qxc3 Re2 30. Be3 Qc6+ 31. Kf1 Qf3 32. Rd8+ Kh7 33. Bd4 Qe4 34. f3 Qe6 35. Bxf6 Rh2 36. Qe5 Qxh3+ 37. Ke1 gxf6 38. Qb8 Qe6+ 0-1

[Event "Krakow Malopolski-chA"]
[Site "Krakow"]
[Date "2011.05.02"]
[Round "2"]
[White "Szuper, Paul"]
[Black "Sniadecki, Jerzy"]
[Result "1-0"]
[WhiteElo "2184"]
[BlackElo "1760"]
[PlyCount "51"]
[EventDate "2011.05.01"]
[EventType "swiss"]
[EventRounds "9"]
[EventCountry "POL"]
[SourceTitle "EXT 2013"]
[Source "ChessBase"]
[SourceDate "2012.11.22"]
[SourceVersion "1"]
[SourceVersionDate "2012.11.22"]
[SourceQuality "1"]

1. d4 Nf6 2. c4 c5 3. Nf3 b5 4. e3 cxd4 5. exd4 bxc4 6. Bxc4 d5 7. Bd3 g6 8. 0-0 Bg7 9. Ne5 0-0 10. Re1 e6 11. Nc3 Qb6 12. Be3 Nbd7 13. Na4 Qd6 14. Rc1 Bb7 15. Nxd7 Nxd7 16. Nc5 Nxc5 17. dxc5 Qc6 18. Bf4 Bxb2 19. Bd6 Rfe8 20. Rb1 Bc3 21. Bb5 Qc8 22. Bxe8 Bxe1 23. Qxe1 Qxe8 24. Rxb7 Qa4 25. Qd2 Rc8 26. h3 1-0

[Event "Gora Sw Anny op 4th"]
[Site "Gora Sw Anny"]
[Date "2011.02.17"]
[Round "7"]
[White "Matuszewski, Michal"]
[Black "Szuper, Paul"]
[Result "1-0"]
[WhiteElo "2357"]
[BlackElo "2174"]
[PlyCount "121"]
[EventDate "2011.02.12"]
[EventType "swiss"]
[EventRounds "9"]
[EventCountry "POL"]
[SourceTitle "CBM 140 Extra"]
[Source "ChessBase"]
[SourceDate "2011.03.01"]
[SourceVersion "1"]
[SourceVersionDate "2011.03.01"]
[SourceQuality "1"]

1. d4 d5 2. c4 c6 3. Nf3 Nf6 4. e3 g6 5. Nbd2 Bg7 6. Qb3 0-0 7. Bd3 a5 8. 0-0 Na6 9. a3 c5 10. cxd5 cxd4 11. e4 Nd7 12. Bb5 Nb6 13. Nc4 Nc5 14. Qc2 d3 15. Qd1 Nxc4 16. Bxc4 Nxe4 17. Qxd3 Nd6 18. Ba2 Bd7 19. Re1 Bb5 20. Qd1 Nc4 21. Rb1 Rc8 22. a4 Ba6 23. Ng5 Rc5 24. Qg4 Nd6 25. Be3 Rc8 26. Bd4 Bxd4 27. Qxd4 Nf5 28. Qe4 Qd6 29. Rbd1 Qf6 30. Qg4 Qxb2 31. Bb1 Rc4 32. Qh3 Rh4 33. Qf3 Qf6 34. Ne4 Qg7 35. g3 Rh6 36. Nc5 Nd4 37. Qg4 Ne2+ 38. Rxe2 Bxe2 39. Qxe2 Qf6 40. Nd7 Qd6 41. Nxf8 Kxf8 42. Qb2 Kg8 43. Qxb7 Rh5 44. Qc6 Qb4 45. d6 exd6 46. Qxd6 Qxa4 47. Qb8+ Kg7 48. Qb2+ Kh6 49. Qd2+ Kg7 50. Bc2 Qb4 51. Qxb4 axb4 52. Rd7 Rc5 53. Bb3 Rf5 54. Rb7 h5 55. h4 Rf6 56. Kg2 Rf5 57. Kf1 Rf6 58. Rxb4 Rf5 59. Rf4 Rxf4 60. gxf4 f6 61. Kg2 1-0

[Event "Gora Sw Anny op 4th"]
[Site "Gora Sw Anny"]
[Date "2011.02.15"]
[Round "5"]
[White "Szuper, Paul"]
[Black "Piankov, Evgenij"]
[Result "1/2-1/2"]
[WhiteElo "2174"]
[BlackElo "2329"]
[PlyCount "124"]
[EventDate "2011.02.12"]
[EventType "swiss"]
[EventRounds "9"]
[EventCountry "POL"]
[SourceTitle "CBM 140 Extra"]
[Source "ChessBase"]
[SourceDate "2011.03.01"]
[SourceVersion "1"]
[SourceVersionDate "2011.03.01"]
[SourceQuality "1"]

1. d4 d5 2. c4 c6 3. Nf3 e6 4. g3 Bd6 5. Bg2 f5 6. 0-0 Nf6 7. b3 Qe7 8. Bb2 0-0 9. Ne5 b6 10. Nd2 Bb7 11. Rc1 Rc8 12. e3 Nbd7 13. cxd5 cxd5 14. Ndc4 Ne4 15. Nxd6 Qxd6 16. f3 Nef6 17. Qd3 Qb4 18. Nxd7 Nxd7 19. e4 g6 20. exf5 exf5 21. Rxc8+ Rxc8 22. Qe3 Nf8 23. a3 Qb5 24. a4 Qb4 25. Rc1 Qd6 26. Rxc8 Bxc8 27. Qe5 Qxe5 28. dxe5 Ne6 29. f4 Bb7 30. b4 Kf7 31. Kf2 g5 32. fxg5 Nxg5 33. Bd4 Ne6 34. Ke3 Nf8 35. Bh3 Kg6 36. Bf1 Ne6 37. h4 Ng7 38. Bd3 h5 39. Bb5 Kf7 40. Be2 Kg6 41. a5 bxa5 42. bxa5 a6 43. Ba7 Ne6 44. Bb6 Bc8 45. Bd3 Bb7 46. Bc2 Bc6 47. Bd3 Bb7 48. Kd2 Bc8 49. Kc3 Bb7 50. Kb4 Bc8 51. Bc5 Bb7 52. Bc2 Bc6 53. Bd3 Bb7 54. Be3 Bc8 55. Bb1 Bb7 56. Ba2 Bc6 57. Bb3 Kf7 58. Bd1 Kg6 59. Bb3 Kf7 60. Bc2 Kg6 61. Bd1 Bb5 62. Bc2 Bc6 1/2-1/2

[Event "Gora Sw Anny op 4th"]
[Site "Gora Sw Anny"]
[Date "2011.02.12"]
[Round "2"]
[White "Oszczanowski, Witold"]
[Black "Szuper, Paul"]
[Result "0-1"]
[WhiteElo "1744"]
[BlackElo "2174"]
[PlyCount "52"]
[EventDate "2011.02.12"]
[EventType "swiss"]
[EventRounds "9"]
[EventCountry "POL"]
[SourceTitle "CBM 140 Extra"]
[Source "ChessBase"]
[SourceDate "2011.03.01"]
[SourceVersion "1"]
[SourceVersionDate "2011.03.01"]
[SourceQuality "1"]

1. e4 e5 2. Nf3 Nc6 3. d4 exd4 4. Nxd4 Nf6 5. Nxc6 bxc6 6. e5 Qe7 7. Qe2 Nd5 8. c4 Nb6 9. Nc3 a5 10. Bf4 Qe6 11. Qe4 Bb4 12. Rc1 f5 13. Qd4 c5 14. Qd3 Ba6 15. b3 d5 16. Bd2 Qxe5+ 17. Qe3 Qxe3+ 18. fxe3 dxc4 19. Be2 0-0-0 20. Nb1 Rhe8 21. Bxb4 axb4 22. Kf2 f4 23. exf4 Rxe2+ 24. Kxe2 cxb3+ 25. Ke1 bxa2 26. Nd2 c4 0-1

[Event "Gibraltar Masters 9th"]
[Site "Caleta"]
[Date "2011.02.03"]
[Round "10"]
[White "Boskovic, Drasko"]
[Black "Szuper, Paul"]
[Result "1-0"]
[WhiteElo "2418"]
[BlackElo "2174"]
[PlyCount "70"]
[EventDate "2011.01.25"]
[EventType "swiss"]
[EventRounds "10"]
[EventCountry "GGB"]
[SourceTitle "CBM 141"]
[Source "ChessBase"]
[SourceDate "2011.03.17"]
[SourceVersion "1"]
[SourceVersionDate "2011.03.17"]
[SourceQuality "1"]

1. d4 d5 2. Bf4 Bg4 3. Nf3 Nc6 4. e3 e6 5. Nbd2 Bd6 6. h3 Bh5 7. Bxd6 cxd6 8. c4 Nf6 9. Be2 0-0 10. 0-0 Rc8 11. cxd5 exd5 12. Ne1 Bxe2 13. Qxe2 Re8 14. Ndf3 Qb6 15. Rd1 Rc7 16. a3 a5 17. g4 h6 18. Ng2 a4 19. Nf4 g5 20. Nh5 Nxh5 21. gxh5 Re4 22. Kh2 Rce7 23. Qc2 Qb5 24. Rg1 Kh8 25. Rg2 Qb3 26. Qb1 Qb5 27. Nd2 R4e6 28. Qf5 Qe2 29. Nf3 f6 30. Re1 Qxb2 31. Nh4 Nxd4 32. exd4 Rxe1 33. Qxf6+ Kg8 34. Nf5 Qb1 35. Nxe7+ Rxe7 1-0

[Event "Gibraltar Masters 9th"]
[Site "Caleta"]
[Date "2011.02.02"]
[Round "9"]
[White "Cmilyte, Viktorija"]
[Black "Szuper, Paul"]
[Result "1-0"]
[WhiteElo "2526"]
[BlackElo "2174"]
[PlyCount "85"]
[EventDate "2011.01.25"]
[EventType "swiss"]
[EventRounds "10"]
[EventCountry "GGB"]
[SourceTitle "CBM 141"]
[Source "ChessBase"]
[SourceDate "2011.03.17"]
[SourceVersion "1"]
[SourceVersionDate "2011.03.17"]
[SourceQuality "1"]

1. c4 b6 2. Nc3 e6 3. e4 Bb7 4. Nge2 c5 5. d4 cxd4 6. Nxd4 Bb4 7. Bd3 Nf6 8. e5 Ne4 9. Bxe4 Bxe4 10. 0-0 Bg6 11. Qf3 Na6 12. Bg5 Qc8 13. a3 Bxc3 14. Qxc3 0-0 15. Nb5 Qc6 16. b4 Nc7 17. Nd4 Qa4 18. f4 Rac8 19. Qf3 Qa6 20. Rfc1 Rfe8 21. a4 Rb8 22. g4 h6 23. Bh4 Bh7 24. f5 Qb7 25. Qxb7 Rxb7 26. f6 g5 27. Be1 Be4 28. Ra3 Kh7 29. Re3 Bg6 30. Bd2 Rg8 31. Rh3 Ne8 32. Nf3 h5 33. Nxg5+ Kh8 34. gxh5 Bf5 35. Rg3 d6 36. Bc3 Rc7 37. exd6 Nxd6 38. Be5 Rxc4 39. Rxc4 Nxc4 40. Nxf7+ Kh7 41. Bf4 Rxg3+ 42. hxg3 e5 43. Bxe5 1-0

[Event "Gibraltar Masters 9th"]
[Site "Caleta"]
[Date "2011.01.25"]
[Round "1"]
[White "Szuper, Paul"]
[Black "Lasinskas, Povilas"]
[Result "0-1"]
[WhiteElo "2174"]
[BlackElo "2164"]
[PlyCount "174"]
[EventDate "2011.01.25"]
[EventType "swiss"]
[EventRounds "10"]
[EventCountry "GGB"]
[SourceTitle "CBM 141"]
[Source "ChessBase"]
[SourceDate "2011.03.17"]
[SourceVersion "1"]
[SourceVersionDate "2011.03.17"]
[SourceQuality "1"]

1. d4 Nf6 2. c4 b6 3. Nc3 Bb7 4. Nf3 e6 5. a3 Be7 6. d5 d6 7. e4 e5 8. g3 0-0 9. Nh4 g6 10. Bh6 Re8 11. Be2 Nbd7 12. Ng2 Nc5 13. f3 a5 14. h4 Nh5 15. Kf2 a4 16. Rb1 Bc8 17. g4 Ng7 18. Be3 Bd7 19. h5 Rf8 20. Qg1 gxh5 21. Qh2 Bg5 22. Rbg1 f6 23. gxh5 h6 24. Nh4 Kh7 25. Bf1 Rf7 26. Ke2 Rb8 27. Bh3 b5 28. Bxc5 dxc5 29. Bxd7 Qxd7 30. cxb5 Rxb5 31. Nxb5 Qxb5+ 32. Ke1 Rf8 33. Qe2 Qa5+ 34. Kf2 Rb8 35. Rd1 c4 36. Ng2 Rb3 37. Qxc4 Qb6+ 38. Kg3 Rxb2 39. Qf1 f5 40. Rb1 fxe4 41. Rxb2 Qxb2 42. fxe4 Qxa3+ 43. Qf3 Qe7 44. Ra1 Qe8 45. Kh2 Nxh5 46. Qf5+ Kg7 47. Rb1 Nf6 48. Rb7 Qe7 49. Qc8 Ne8 50. Rb8 Kf7 51. d6 Nxd6 52. Qg8+ Kf6 53. Rb1 Qg7 54. Rf1+ Kg6 55. Qa8 Qd7 56. Qg8+ Qg7 57. Qa8 Qd7 58. Qg8+ Kh5 59. Rf3 Nxe4 60. Rh3+ Kg4 61. Ne3+ Kf4 62. Qg6 Qxh3+ 63. Kxh3 Kxe3 64. Qe8 Bf4 65. Qxa4 c5 66. Kg2 Kd3 67. Qa3+ Kd4 68. Qb2+ Nc3 69. Kf3 Bg5 70. Qf2+ Kc4 71. Kg2 e4 72. Qf7+ Kd3 73. Qd7+ Kc2 74. Qh7 Kd1 75. Qf7 Bd2 76. Qh5+ Kc1 77. Qxc5 e3 78. Kf3 Kd1 79. Qxc3 Bxc3 80. Kxe3 Ke1 81. Kf3 Kf1 82. Kg3 Kg1 83. Kh3 Be5 84. Kg4 Kg2 85. Kh4 Bf6+ 86. Kh5 Bg5 87. Kg4 Kh2 0-1